[Event "HUN-chT2 Erkel 1819"]
[Site "Hungary"]
[Date "2019.03.31"]
[Round "8.10"]
[White "Halasz, Jozsef"]
[Black "Gordos, Csaba"]
[Result "1/2-1/2"]
[WhiteElo "1737"]
[BlackElo "1867"]
[PlyCount "29"]
[EventDate "2018.10.28"]
[EventType "team-tourn"]
[EventRounds "9"]
[EventCountry "HUN"]
[SourceTitle "EXT 2021"]
[Source "ChessBase"]
[SourceDate "2020.10.23"]
[SourceVersion "1"]
[SourceVersionDate "2020.10.23"]
[SourceQuality "1"]
[WhiteTeam "Vac"]
[BlackTeam "Andornaktalya"]
[WhiteTeamCountry "HUN"]
[BlackTeamCountry "HUN"]

1. d4 d5 2. Nf3 Nf6 3. c4 e6 4. Nc3 c5 5. cxd5 Nxd5 6. e4 Nxc3 7. bxc3 cxd4 8. Qxd4 Qxd4 9. cxd4 Bb4+ 10. Bd2 Bxd2+ 11. Kxd2 Ke7 12. Bc4 Rd8 13. Ke3 Nc6 14. Rac1 Bd7 15. Rhd1 1/2-1/2

[Event "Eger Agria op 41th"]
[Site "Eger"]
[Date "2017.07.20"]
[Round "5"]
[White "Gordos, Csaba"]
[Black "Kapicakova, Lucia"]
[Result "1/2-1/2"]
[WhiteElo "1823"]
[BlackElo "1631"]
[PlyCount "97"]
[EventDate "2017.07.17"]
[EventType "swiss"]
[EventRounds "9"]
[EventCountry "HUN"]
[SourceTitle "EXT 2020"]
[Source "ChessBase"]
[SourceDate "2019.10.17"]
[SourceVersion "1"]
[SourceVersionDate "2019.10.17"]
[SourceQuality "1"]

1. e4 e5 2. Nc3 Nc6 3. Nf3 Nf6 4. Bb5 Bc5 5. 0-0 d6 6. d3 h6 7. h3 Bd7 8. Na4 Bb6 9. Nxb6 axb6 10. c3 0-0 11. Nh2 Ne7 12. Bxd7 Qxd7 13. f4 exf4 14. Bxf4 Ng6 15. Bxh6 gxh6 16. Rxf6 Kg7 17. Rf2 f5 18. exf5 Rxf5 19. Rxf5 Qxf5 20. Qf3 Qxf3 21. Nxf3 Nf4 22. d4 Rf8 23. Kh2 Nd3 24. b3 Re8 25. Rd1 Nf4 26. Rd2 Re2 27. c4 Rxd2 28. Nxd2 c6 29. Ne4 d5 30. cxd5 cxd5 31. Nc3 Kf7 32. g3 Ne6 33. Nxd5 b5 34. Kg2 Nxd4 35. Kf2 Ke6 36. Ne3 h5 37. g4 hxg4 38. hxg4 Kf6 39. Kg3 Kg5 40. Nd5 Ne2+ 41. Kf3 Ng1+ 42. Ke4 Ne2 43. Ke5 Kxg4 44. Kd6 Kf5 45. Kc5 Ke5 46. Nc7 Nc1 47. Kxb5 Nxa2 48. b4 Nxb4 49. Kxb4 1/2-1/2